| 000 | 00544nam a2200193Ia 4500 | ||
|---|---|---|---|
| 005 | 20250923145110.0 | ||
| 008 | 008 250917s9999 xx 000 0 eng d | ||
| 037 | _aTextual | ||
| 040 |
_aDSWL _beng _cDSWL |
||
| 041 |
_aeng _2eng |
||
| 084 |
_aX8(J):75.1'N5, N66 _qDSWL |
||
| 245 | 0 |
_aProgress in land reform fourth report _cby United Nations |
|
| 260 |
_bUnited Nations _c1966 |
||
| 300 | _axvi,303 p. | ||
| 365 |
_aUSD _b2 |
||
| 925 | _g2 | ||
| 942 |
_cTEXL _hX8(J):75.1'N5, N66 |
||
| 999 |
_c1447076 _d1447076 |
||